TV Shows by Casts' Other Shows Quiz Stats

Quiz Updated Jun 19, 2015

Challenge
Share
Tweet
Embed
Score 0/12 Timer 06:00
3 Plays Today
% Correct
How I Met Your Mother
92.6%
Modern Family
80.8%
Parks and Recreation
77.2%
Cougar Town
73.2%
Cheers
68.5%
Hot in Cleveland
63.9%
Charmed
58.6%
Orange is the New Black
58.5%
Friends
58.1%
Private Practice
56.5%
Scrubs
51.5%
Arrested Development
49.6%

You're not logged in!

Compare scores with friends on all Sporcle quizzes.
Sign Up with Email
OR
Log In

You Might Also Like...

Show Comments

Extras

Top Quizzes Today


Score Distribution

Your Account Isn't Verified!

In order to create a playlist on Sporcle, you need to verify the email address you used during registration. Go to your Sporcle Settings to finish the process.